Statistics for Nature by Emoji

Click here to take the quiz!

General Stats

  • This quiz has been taken 270 times
    (240 since last reset)
  • The average score is 11 of 14

Answer Stats

EmojiAnswer% Correct
💧Rain
100%
🌈Rainbow
98%
Cloud
91%
🌊Wave
90%
Lightning
89%
🌋Volcano
88%
💨Wind
82%
Snowflake
78%
Mountain
76%
🏝Island
75%
🏜Desert
71%
🌪Tornado
71%
🌫Fog
42%
Comet
25%

Score Distribution

Percentile by Number Answered

Percent of People with Each Score

Your Score History

You have not taken this quiz since the last reset